Statistics for who said this one direction edition

Click here to take the quiz!

General Stats

  • This quiz has been taken 513 times
  • The average score is 13 of 15

Answer Stats

QuestionAnswer% Correct
"I work in a bakery"harry
99%
"I like girls who eat carrots"louis
98%
"vas happening"zayn
98%
"this is a family show...or is itt"harry
96%
"I have a strange fear of spoons"liam
95%
"NO! Jimmy protested"louis
94%
"we took a chonce"niall
93%
"potatooo"niall
92%
"malibami"zayn
90%
"I have a son, his name is ishmel, he never calls me anymore"harry
89%
"oi oii"louis
88%
"DJ Malik"zayn
87%
"you sing"niall
80%
"looking good lads"louis
78%
"now kiss me you fool"harry
67%

Score Distribution

Percentile by Number Answered

Percent of People with Each Score

Your Score History

You have not taken this quiz